Himnos y canciones [ (Record no. 79989)
[ view plain ]
| 000 -LEADER | |
|---|---|
| campo de control de longitud fija | 01455ncm a2200205 i 4500 |
| 001 - NÚMERO DE CONTROL | |
| campo de control | 79989 |
| 003 - IDENTIFICADOR DE NÚMERO DE CONTROL | |
| campo de control | ES-MaACL |
| 005 - FECHA Y HORA DE LA ÚLTIMA TRANSACCIÓN | |
| campo de control | 20230906174112.0 |
| 007 - CAMPO FIJO DE DESCRIPCIÓN FÍSICA--INFORMACIÓN GENERAL | |
| campo de control de longitud fija | qu |
| 008 - DATOS DE LONGITUD FIJA--INFORMACIÓN GENERAL | |
| campo de control de longitud fija | 041025s1942 sp ||| |||||||| | spa d |
| 245 00 - MENCIÓN DEL TÍTULO | |
| Título | Himnos y canciones [ |
| Medio | Música impresa]. |
| 260 ## - PUBLICACIÓN, DISTRIBUCIÓN, ETC. | |
| Lugar de publicación, distribución, etc. | Madrid : |
| Nombre del editor, distribuidor, etc. | Ediciones de la Vicesecretaría de Educación Popular, |
| Fecha de publicación, distribución, etc. | 1942 ( |
| Lugar de fabricación/manufactura | Barcelona : |
| Fabricante | A. Boileau y Bernasconi) |
| 300 ## - DESCRIPCIÓN FÍSICA | |
| Extensión | 1 partitura abreviada (69 p.) ; |
| Dimensiones | 17 cm. |
| 505 8# - NOTA DE CONTENIDO CON FORMATO | |
| Nota de contenido con formato | Contiene: Himnos nacionales: Himno Nacional. Himno de Falange. Oriamendi -- Himnos y marchas: Al ataque. La asamblea. La llamada. Marcha de los fusileros. La Generala -- Himnos falangistas de fundación: En pie camaradas. En pie camaradas (Himno de las Jons de Valladolid). Amanece -- Himnos militares: La canción del legionario. Himno de la Academia de Infantería. Canto de la División Azul. Himno de los artilleros. Himno del arma del aire -- Himno de los Flechas: Himno oficial de los Flechas. Himno de los Flechas. Los Flechas. Somos Flechas. Somos héroes. Guardia Nueva. Himno del campamento. Allí. Isabel y Fernando. Rataplán-rataplán. Diana Azul -- Himnos varios: Caídos por España, presente!. Himno de los españoles patriotas de Granada. Soy nacional sindicalista. Camisa Azul |
| 650 #4 - PUNTO DE ACCESO ADICIONAL DE MATERIA--TÉRMINO DE MATERIA | |
| Término de materia o nombre geográfico como elemento de entrada | Himnos militares. |
| 9 (RLIN) | 155356 |
| 710 2# - ENTRADA AGREGADA--NOMBRE DE ENTIDAD CORPORATIVA | |
| Nombre de entidad corporativa o nombre de jurisdicción como elemento de entrada | España. |
| Unidad subordinada | Vicesecretaría de Educación Popular. |
| 9 (RLIN) | 155357 |
| 852 ## - LOCALIZACIÓN | |
| Ubicación | ES-MaACL |
| Número de control de estantería | 1837-F-22 |
| 942 ## - ELEMENTOS DE ENTRADA SECUNDARIOS (KOHA) | |
| Fuente del sistema de clasificación o colocación | Clasificación decimal universal |
| Estatus retirado | Estado de pérdida | Fuente del sistema de clasificación o colocación | Estado de daño | No para préstamo | Colección | Biblioteca de origen | Biblioteca actual | Ubicación en estantería | Fecha de adquisición | Total de préstamos | Signatura topográfica completa | Código de barras | Visto por última vez | Precio de reemplazo | Tipo de ítem Koha |
|---|---|---|---|---|---|---|---|---|---|---|---|---|---|---|---|
| Clasificación decimal universal | Colección de folletos | Biblioteca del Ateneo de Madrid | Biblioteca del Ateneo de Madrid | Depósito folletos | 17/01/2008 | 1837-F-22 | 1083635 | 23/02/2023 | 23/02/2023 | Folleto |
